000 00626nam a22002177a 4500
005 20160201054051.0
008 110525s2011 nyua 001 0 eng
020 _a9780071750332 (pbk.)
020 _a0071750339 (pbk.)
041 0 _aeng
080 _a004
100 1 _aBingham, Richard
_q(Richard John)
245 1 0 _aManaging Oracle Fusion applications /
_cRichard Bingham.
260 _aNew York :
_bMcGraw-Hill,
_c2011.
300 _a322 f. :
_bme il.;
_c24 cm.
505 8 _aIndex: f. 291 - 322
630 0 0 _aOracle Fusion applications.
650 0 _aKompjutera
650 0 _aBaza e të të dhënave
942 _2udc
_cBK
999 _c677
_d677